|
|
|
|
| LEADER |
00904nam a22002057a 4500 |
| 020 |
|
|
|a 9788170844619
|
| 082 |
|
|
|a S301
|b DAN/D
|
| 100 |
|
|
|a Dandi
|
| 245 |
|
|
|a Dasakumaracarita of Dandi/
|c by Dandi; edited by Narayana Balakrishna Godbole; revised by Narayan Ram Acharya Kavyatirtha
|
| 260 |
|
|
|a Delhi:
|b Chaukhamba Sanskrit Pratishthan,
|c 2013.
|
| 300 |
|
|
|a 286p.
|
| 650 |
|
|
|a Stories Sanskrit
|
| 650 |
|
|
|a Literature Sanskrit
|
| 650 |
|
|
|a Literature
|
| 700 |
|
|
|a Narayana Balakrishna Godbole
|
| 700 |
|
|
|a Narayan Ram Acharya Kavyatirtha
|
| 942 |
|
|
|c BK
|
| 999 |
|
|
|c 58484
|d 58484
|
| 952 |
|
|
|0 0
|1 0
|4 0
|6 S_301_000000000000000_DAN_D
|7 0
|9 81606
|a SSUS
|b SSUS
|c STACKS
|d 2016-01-27
|g 500.00
|l 2
|m 1
|o S301 DAN/D
|p 080140
|r 2016-10-03
|s 2016-09-19
|w 2016-01-27
|y BK
|
| 952 |
|
|
|0 0
|1 0
|4 0
|6 S_301_000000000000000_DAN_D
|7 0
|9 81607
|a SSUS
|b SSUS
|c STACKS
|d 2016-03-04
|g 500.00
|l 7
|m 1
|o S301 DAN/D
|p 080884
|r 2019-06-19
|s 2019-06-18
|w 2016-03-04
|y BK
|